Культурологія (Запис № 325965)

МАРК-запис
000 -Лідер
fixed length control field 00715nam a22002417a 4500
003 - Ідентифікатор контрольного номера
control field UA-OsUOA
001 - Контрольний номер
control field 39824
007 - Фіксоване поле фізичного опису
fixed length control field ta
008 - Елементи даних фіксованої довжини – загальна інформація
fixed length control field 20060703b un ||||| |||| 00| 0 ukr d
090 ## - Локальний шифр розміщення
Класифікаційний індекс УДК 008(075.8)
Авторський знак (НП) K90
040 ## - Джерело каталогізації
Агенція оригінальної каталогізації UA-OsUOA
Мова каталогізації ukr
Агенція, яка здійснювала перезапис UA-OsUOA
Агенція, яка здійснювала модифікацію UA-OsUOA
041 ## - Код мови
Код мови тексту/ звукової доріжки чи окремого заголовка (П) ukr
080 ## - Індекс Універсальної десяткової класифікації
Індекс Універсальної десяткової класифікації (УДК) (НП) 008(075.8)
020 ## - Міжнародний стандартний книжковий номер (ISBN)
Міжнародний стандартний книжковий номер (ISBN) (НП) 966-518-320-6
245 ## - Відомості про назву
Назва (НП) Культурологія
Решта назви (НП) навч. посіб. для студ. внз
Дані про відповідальність (НП) упоряд.: О. І. Погорілий, М. А. Собуцький
260 ## - Публікація, розповсюдження і т.п. (Вихідні дані)
Місце публікації, розповсюдження і т.п. (П) К.
Ім’я/ наймення видавництва, розповсюджувача і т.п. (П) КМА
Дата публікації, розповсюдження і т.п. (П) 2005
250 ## - Відомості про видання (редакцію)
-- 2-ге вид.
300 ## - Фізичний опис
Обсяг 320 с.
650 #7 - Додаткове предметне введення – тематичний термін
Тематичний термін чи географічна назва, як елемент введення (НП) 008 Цивілізація. Культура. Прогрес
Джерело заголовка чи терміна UDC
942 ## - Додаткові елементи входу (Коха)
Тип елемента Koha Книги
955 ## - Код типу видання за змістом
Код типу видання за змістом (НП) Навчальні видання
Фонди
Стан вилучень Стан втрат Джерело класифікації або схеми стелажів Стан уражень Не для кредиту Постійне місце розташування Поточне розміщення Дата придбання Джерело придбання Вартість, звичайна ціна покупки Інвентарний номер Усього замовленно Повний номер виклику Штрих-код Дата останнього перегляду Ціна ефективна від Тип елемента Koha
    Universal Decimal Classification     АБ - Абонемент НБ АБ - Абонемент НБ 19/12/2016 55/2016 20.00 152896   008(075.8) K90 152896 22/10/2021 03/07/2006 Книги
    Universal Decimal Classification     АБ - Абонемент НБ АБ - Абонемент НБ 19/12/2016 55/2016 20.00 152897   008(075.8) K90 152897 22/10/2021 03/07/2006 Книги
    Universal Decimal Classification     АБ - Абонемент НБ АБ - Абонемент НБ 03/07/2006 65/2006 30.35 97087   008(075.8) K90 97087 22/10/2021 03/07/2006 Книги
    Universal Decimal Classification     АБ - Абонемент НБ АБ - Абонемент НБ 03/07/2006 65/2006 30.35 97088   008(075.8) K90 97088 22/10/2021 03/07/2006 Книги
    Universal Decimal Classification     АБ - Абонемент НБ АБ - Абонемент НБ 03/07/2006 65/2006 30.35 97089   008(075.8) K90 97089 22/10/2021 03/07/2006 Книги
    Universal Decimal Classification     АБ - Абонемент НБ АБ - Абонемент НБ 03/07/2006 65/2006 30.35 97090   008(075.8) K90 97090 22/10/2021 03/07/2006 Книги
    Universal Decimal Classification     АБ - Абонемент НБ АБ - Абонемент НБ 03/07/2006 65/2006 30.35 97091   008(075.8) K90 97091 22/10/2021 03/07/2006 Книги
    Universal Decimal Classification     ЧЗ - Читальна зала ЧЗ - Читальна зала 03/07/2006 65/2006 30.35 97092   008(075.8) K90 97092 09/02/2022 03/07/2006 Книги
    Universal Decimal Classification     ЧЗ - Читальна зала ЧЗ - Читальна зала 03/07/2006 65/2006 30.35 97093   008(075.8) K90 97093 09/02/2022 03/07/2006 Книги
    Universal Decimal Classification     ЧЗ - Читальна зала ЧЗ - Читальна зала 03/07/2006 65/2006 30.35 97094   008(075.8) K90 97094 09/02/2022 03/07/2006 Книги
    Universal Decimal Classification     ЧЗ - Читальна зала ЧЗ - Читальна зала 03/07/2006 65/2006 30.35 97095   008(075.8) K90 97095 09/02/2022 03/07/2006 Книги
    Universal Decimal Classification     ЧЗ - Читальна зала ЧЗ - Читальна зала 03/07/2006 65/2006 30.35 97096   008(075.8) K90 97096 09/02/2022 03/07/2006 Книги